| 000 | 00775nam a2200253 i 4500 | ||
|---|---|---|---|
| 001 | 94109 | ||
| 003 | ES-MaACL | ||
| 005 | 20250603184301.0 | ||
| 007 | t| | ||
| 008 | 050621s2004 sp ||||1| spa d | ||
| 020 | _a84-03-09422-1 | ||
| 080 | _a32 Aznar, José María | ||
| 080 | _a32(460)"1996/2004" | ||
| 100 | 1 |
_aTusell, Javier. _9111767 |
|
| 245 | 1 | 3 |
_aEl aznarato _b: el gobierno del Partido Popular 1996-2003 / _cJavier Tusell. |
| 250 | _a1ª ed. | ||
| 260 |
_aMadrid : _bAguilar, _c2004. |
||
| 300 |
_a386 p. ; _c24 cm. |
||
| 504 | _aBibliografía: p. 379-386. | ||
| 600 | 1 | 4 |
_aAznar, José María, _d1953- _924301 |
| 651 | 4 |
_aEspaña- _xPolítica y gobierno- _y1996-2004 _98450 |
|
| 852 |
_aES-MaACL _jL-29187 _bR.135777 |
||
| 999 |
_c94109 _d94109 |
||